Effet de la supple`mentation en feuilles de manioc fermente`es sur la croissance des poulets dechair. (Record no. 1585)
[ view plain ]
| 000 -LEADER | |
|---|---|
| fixed length control field | 00423nam a22001457a 4500 |
| 003 - CONTROL NUMBER IDENTIFIER | |
| control field | OSt |
| 005 - DATE AND TIME OF LATEST TRANSACTION | |
| control field | 20151001135525.0 |
| 008 - FIXED-LENGTH DATA ELEMENTS--GENERAL INFORMATION | |
| fixed length control field | 151001b xxu||||| |||| 00| 0 eng d |
| 040 ## - CATALOGING SOURCE | |
| Transcribing agency | RUA |
| 082 ## - DEWEY DECIMAL CLASSIFICATION NUMBER | |
| Classification number | AGR POE 2002 B062 Or.1 |
| 100 ## - MAIN ENTRY--PERSONAL NAME | |
| 9 (RLIN) | 1683 |
| Personal name | POEU, RADETH. |
| 245 ## - TITLE STATEMENT | |
| Title | Effet de la supple`mentation en feuilles de manioc fermente`es sur la croissance des poulets dechair. |
| 300 ## - PHYSICAL DESCRIPTION | |
| Extent | 33p. |
| Other physical details | ill. |
| Dimensions | 29cm. |
| 942 ## - ADDED ENTRY ELEMENTS (KOHA) | |
| Source of classification or shelving scheme | |
| Koha item type | AGR |
| Price effective from | Date last seen | Permanent Location | Not for loan | Date acquired | Source of classification or shelving scheme | Koha item type | Lost status | Withdrawn status | Date last checked out | Total Checkouts | Shelving location | Damaged status | Barcode | Current Location | Full call number |
|---|---|---|---|---|---|---|---|---|---|---|---|---|---|---|---|
| 2015-10-01 | 2015-10-01 | Library Block B | 2015-10-01 | AGR | B062 | rua007127 | Library Block B | AGR POE 2002 B062 Or.1 | |||||||
| 2015-10-01 | 2015-10-01 | Library Block B | 2015-10-01 | AGR | B062 | rua007016 | Library Block B | AGR POE 2002 B062 Or.2 | |||||||
| 2015-10-01 | 2015-10-01 | Library Block B | 2015-10-01 | AGR | B062 | rua007128 | Library Block B | AGR POE 2002 B062 Or.3 | |||||||
| 2015-10-01 | 2015-10-01 | Library Block B | 2015-10-01 | AGR | B062 | rua007130 | Library Block B | AGR POE 2002 B062 Or.4 | |||||||
| 2015-10-01 | 2016-07-12 | Library Block B | 2015-10-01 | AGR | 2016-06-21 | 1 | B062 | rua008164 | Library Block B | AGR POE 2002 B062 Or.5 | |||||
| 2015-10-01 | 2015-10-01 | Library Block B | 2015-10-01 | AGR | B062 | rua006380 | Library Block B | AGR POE 2002 B062 Or.6 | |||||||
| 2015-10-01 | 2015-10-01 | Library Block B | 2015-10-01 | AGR | B062 | rua007129 | Library Block B | AGR POE 2002 B062 Or.7 | |||||||
| 2015-10-01 | 2015-10-01 | Library Block B | 2015-10-01 | AGR | B062 | rua008091 | Library Block B | AGR POE 2002 B062 Or.8 |